00828nam a2200217 a 450000500170000000800410001704000250005804100080008304400070009108200180009824501090011626001030022530000600032865000350038865000270042365000250045065000390047570000300051470000300054470000360057420191224041518.0160811s1994 xx ad|||r|||| 00| 0 spa d aCO-BoIAVHcCO-BoIAVH0 aspa ack04a577.554bM29c00aManual CITES para jardines botánicos / ccompilado por John Akeroyd, Noel McGough y Peter Wyse Jackson aCórdoba? : bOrganización Internacional para la Conservación en Jardines Botánicos,c1994. a32 páginas : bilustraciones y tablas ; c24 x 17 cm.26aJardines botánicosvManuales24aConservación ex situ24aComercio de especies26aEspecies en peligro de extinción1 aAkeroyd, Johnecompilador1 aMcGough, Noelecompilador1 aWyse Jackson, Peterecompilador